000
00297nam a2200109Ia 4500
008
200302s9999 xx 000 0 und d
100
_a
Ahmet Evin
245
_a
The Expanding Metropolis Coping With the Urban Growth of Cairo
260
_b
Concept Meedia Pvt. Ltd.
260
_c
1984
300
_a
238 P.,
999
_c
789
_d
789